000 02011nam0a22003131 4500
001 rc\164671
005 20250620214301.0
010 _a5-86745-007-4
_910000
035 _a(NLR Aleph) 005429122
090 _a7558373
_c7558373
100 _a20030307d1995 |||y0rusy50 ca
101 0 _arus
102 _aRU
105 _ay |||||||||
200 1 _aКосмическое сознание
_e[Сб.
_eПер. с нем.
_fСост. лауреат Гос. премии, проф. В.А. Шериев]
210 _aМ.
_cНИК
_cОдиссей
_d1995
215 _a799 с.
_d21
225 1 _aБиблиотека восточной религиозно-мистической философии
_vВып. 4
327 1 _aСодерж.: Космическое сознание / Д-р Р.М. Бекк. В поисках сокровенной мудрости Индии; Путь в себя / П. Брэнтон. Жизнь по духовным законам / Г.В. Дрессер. К жизни. На заре бессмертия / П. Мюльфорд
464 0 _12001#$aКосмическое сознание
_1700#1$aБекк$bР.М.$cд-р
_tКосмическое сознание
_aБекк, Р.М. (д-р)
464 0 _12001#$aВ поисках сокровенной мудрости Индии
_1700#1$aБрэнтон$bП.
_tВ поисках сокровенной мудрости Индии
_aБрэнтон, П.
464 0 _12001#$aПуть в себя
_1700#1$aБрэнтон$bП.
_tПуть в себя
_aБрэнтон, П.
464 0 _12001#$aЖизнь по духовным законам
_1700#1$aДрессер$bГ.В.
_tЖизнь по духовным законам
_aДрессер, Г.В.
464 0 _12001#$aК жизни. На заре бессмертия
_1700#1$aМюльфорд$bП.
_tК жизни. На заре бессмертия
_aМюльфорд, П.
801 0 _aRU
_bNLR
_gpsbo
801 1 _aRU
_bELAR
_2rusmarc
852 _aNLR
_j95-3/2695
942 _cBOOK
980 _aNB